Music Quiz

Random Music or Song Quiz

'60s Song Title Match-Up Quiz Stats

 Plays Quiz Updated Feb 7, 2018

Challenge
Share
Tweet
Score 0/24 Timer 04:00
3 Plays Today
% Correct
Hey
98.3%
Twist And
98.2%
Stop In The Name Of
98.2%
(Sittin' On) The Dock
97.9%
The Sound
97.9%
Honky
97.7%
Son
97.5%
Good
97.4%
Are You Lonesome
97.4%
Bad Moon
97.1%
Save The Last
97.1%
Summer In
96.9%
% Correct
Wouldn't It
96.7%
Whole
96.5%
Like a
96.3%
Papa's Got A
96.3%
Build
96.2%
A Whiter
96.2%
Wild
96%
You Really
95.7%
You Can't
95.7%
Reach Out
91.7%
I’m Waiting For
91.1%
Wichita
89.4%

You're not logged in!

Compare scores with friends on all Sporcle quizzes.
Join for Free
OR
Log In

You Might Also Like...

Show Comments

Extras

Top Quizzes Today


Score Distribution

Your Account Isn't Verified!

In order to create a playlist on Sporcle, you need to verify the email address you used during registration. Go to your Sporcle Settings to finish the process.

Report this User

Report this user for behavior that violates our Community Guidelines.

Details: